01298nam a2200265Ii 45000010005000000030009000050080041000140200009000550400033000640410008000970820016001051000037001212450052001582640094002103000012003043360026003163370028003423380027003709400050003979990017004479520142004649520142006069520142007489520142008905196CO-ViMGA241108s9999||||xx |||||||||||||| ||und|| a9257 aCO-ViMGAbspaerdacCO-ViMGA0 aunk04a786.21 U76t1 aGuillermo Uribe Holguín95486110a300 Trozos en el sentimiento popular para piano 1a[Lugar de publicación no identificado] : Patronato Colombiano de Artes y Ciencias, 1991 avolumen atextbtxt2rdacontent aunmediatedbn2rdamedia avolumebnc2rdacarrier aidficha_siabuc: 5060. -- ficha_no_siabuc:5196 c52135d52135 001040708001aMEVIGERRbMEVIGERRcGENd2006-11-27hVol.3o786.21 U76tpECA4292r2024-11-26 10:08:54tEj.1w2024-11-26yBKz5060 | 7257 001040708001aMEVIGERRbMEVIGERRcGENd2006-11-27hVol.1o786.21 U76tpECA4195r2024-11-26 10:08:54tEj.1w2024-11-26yBKz5060 | 7254 001040708001aMEVIGERRbMEVIGERRcGENd2006-11-27hVol.2o786.21 U76tpECA4196r2024-11-26 10:08:54tEj.1w2024-11-26yBKz5060 | 7255 001040708001aMEVIGERRbMEVIGERRcGENd2006-11-27hVol.4o786.21 U76tpECA4291r2024-11-26 10:08:54tEj.1w2024-11-26yBKz5060 | 7256